Click the Countries II Quiz Stats

Quiz Updated Dec 31, 2015

Challenge
Share
Tweet
Embed
Score 0/25 Timer 05:00
15 Plays Today
% Correct
Brazil
97.8%
Italy
96.7%
China
95.6%
United Arab Emirates
90.4%
Nigeria
79.6%
United Kingdom
79.3%
Suriname
77.8%
Spain
77.3%
Switzerland
72.8%
Somalia
63.2%
Venezuela
62.3%
Portugal
55%
France
54%
% Correct
Mongolia
54%
Maldives
49.8%
Norway
44.4%
Libya
38.4%
Nauru
33.9%
Bhutan
33%
Niger
32.1%
Cambodia
26.8%
Greece
25.4%
Finland
21.5%
Bulgaria
18.1%
Tajikistan
18%

You're not logged in!

Compare scores with friends on all Sporcle quizzes.
Join for Free
OR
Log In

You Might Also Like...

Show Comments

Extras

Top Quizzes Today


Score Distribution

Your Account Isn't Verified!

In order to create a playlist on Sporcle, you need to verify the email address you used during registration. Go to your Sporcle Settings to finish the process.

Report this User

Report this user for behavior that violates our Community Guidelines.

Details: